Statistiche per Calciatori Juventus 2007-2022

Clicka qui per fare il quiz!

Statistiche generali

  • Questo quiz è stato fatto 1.483 volte
  • Il punteggio medio è 61 su 155

Statistiche sulle risposte

RuoloNazionalitàGiocatore% Corretto
P
Italia
Gianluigi Buffon
98%
DItaliaGiorgio Chiellini
94%
DItaliaLeonardo Bonucci
94%
PItaliaMattia Perin
90%
APortogalloCristiano Ronaldo
88%
AItaliaAlessandro Del Piero
87%
AArgentinaPaulo Dybala
86%
DItaliaAndrea Barzagli
85%
CFranciaPaul Pogba
84%
DBrasileAlex Sandro
81%
CItaliaAndrea Pirlo
80%
CCileArturo Vidal
80%
CItaliaClaudio Marchisio
80%
ASerbiaDušan Vlahović
80%
PItaliaCarlo Pinsoglio
79%
CGermaniaEmre Can
79%
CColombiaJuan Cuadrado
78%
CBosnia ErzegovinaMiralem Pjanić
78%
DBrasileDanilo
77%
AArgentinaGonzalo Higuaín
77%
PPoloniaWojciech Szczęsny
77%
ASpagnaÁlvaro Morata
76%
ACroaziaMario Mandžukić
76%
CRepubblica CecaPavel Nedvěd
73%
AArgentinaCarlos Tévez
72%
CFranciaAdrien Rabiot
70%
CItaliaFederico Chiesa
70%
DItaliaDaniele Rugani
68%
DOlandaMatthijs de Ligt
68%
AFranciaDavid Trezeguet
67%
CStati UnitiWeston McKennie
67%
AMontenegroMirko Vučinić
66%
DItaliaMattia De Sciglio
64%
CGermaniaSami Khedira
64%
CGallesAaron Ramsey
61%
DPortogalloJoão Cancelo
61%
CGhanaKwadwo Asamoah
61%
DSvizzeraStephan Lichtsteiner
61%
DMaroccoMedhi Benatia
60%
PItaliaMarco Storari
59%
CUruguayRodrigo Bentancur
59%
AItaliaMoise Kean
58%
PBrasileNorberto Neto
58%
DUruguayMartín Cáceres
55%
CItaliaManuel Locatelli
54%
AItaliaAlessandro Matri
53%
AItaliaFabio Quagliarella
53%
ASpagnaFernando Llorente
53%
DTurchiaMerih Demiral
53%
ABrasileDouglas Costa
51%
CItaliaFabio Miretti
51%
DItaliaFabio Cannavaro
50%
AItaliaFederico Bernardeschi
50%
CArgentina - ItaliaMauro Germán Camoranesi
50%
DFranciaPatrice Evra
50%
CFranciaBlaise Matuidi
49%
CSveziaDejan Kulusevski
49%
DBrasileDani Alves
47%
CGabonMario Lemina
47%
PAustriaAlexander Manninger
46%
DGermaniaBenedikt Höwedes
46%
CItaliaSebastian Giovinco
45%
CBrasileArthur
44%
CSerbiaMiloš Krasić
43%
DItaliaPaolo De Ceglie
43%
CSvizzeraDenis Zakaria
42%
CItaliaSimone Pepe
40%
ABrasileAmauri
39%
CBrasileDiego
38%
CCileMauricio Isla
38%
ADanimarcaNicklas Bendtner
38%
PBrasileRubinho
38%
ACroaziaMarko Pjaca
37%
CVenezuelaTomás Rincón
37%
CMaliMohamed Sissoko
35%
CItaliaSimone Padoin
35%
AItaliaCiro Immobile
34%
CBrasileFelipe Melo
34%
AFranciaKingsley Coman
34%
CParaguayMarcelo Estigarribia
34%
CItaliaStefano Sturaro
34%
AItaliaVincenzo Iaquinta
34%
DItaliaFabio Grosso
33%
AFranciaNicolas Anelka
33%
DRomaniaRadu Drăgușin
33%
PItaliaEmil Audero
32%
ABrasileKaio Jorge
32%
CBrasileHernanes
31%
CDanimarcaChristian Poulsen
30%
AItaliaLuca Toni
30%
CArgentinaRoberto Pereyra
30%
DRepubblica CecaZdeněk Grygera
30%
DItaliaAngelo Ogbonna
29%
CItaliaEmanuele Giaccherini
29%
CCiproGrīgorīs Kastanos
28%
DItaliaLeonardo Spinazzola
28%
DItaliaNicola Legrottaglie
28%
COlandaEljero Elia
27%
DBrasileLúcio
26%
AItaliaSimone Zaza
26%
DFranciaJonathan Zebina
25%
DItaliaLuca Pellegrini
25%
DSveziaOlof Mellberg
25%
AItaliaMarco Borriello
24%
DItaliaMarco Motta
24%
AArgentina - ItaliaPablo Osvaldo
24%
PItaliaAntonio Chimenti
23%
CPortogalloTiago
22%
CBosnia ErzegovinaHasan Salihamidžić
21%
CSveziaAlbin Ekdal
20%
DItaliaGianluca Frabotta
19%
CItaliaAntonio Candreva
18%
CUruguayJorge Andrés Martínez
18%
AFranciaMarley Aké
18%
DItaliaFederico Peluso
17%
CItaliaLuca Marrone
17%
DItaliaCristian Molinaro
15%
CItaliaCristiano Zanetti
15%
DDanimarcaFrederik Sørensen
15%
CItaliaMarco Marchionni
15%
DSenegalArmand Traoré
14%
DFranciaJean-Alain Boumsong
14%
CItaliaAlberto Aquilani
13%
DItaliaAlessandro Birindelli
13%
DPortogalloJorge Andrade
13%
DItaliaDomenico Criscito
12%
AAlbaniaGiacomo Vrioni
12%
CBrasileRômulo
12%
CItaliaAntonio Nocerino
11%
CItaliaRaffaele Palladino
11%
CItaliaRolando Mandragora
11%
PItaliaEmanuele Belardi
10%
CItaliaMichele Pazienza
10%
CArgentinaSergio Bernardo Almirón
10%
DItaliaFederico Mattiello
9%
CItaliaManolo Portanova
9%
AItaliaAndrea Favilli
8%
CItaliaDavide Lanzafame
7%
DItaliaLorenzo Ariaudo
7%
ABrasileMatheus Pereira
7%
AInghilterraStephy Mavididi
7%
CItaliaCristian Pasquato
6%
DCroaziaDario Knežević
6%
DItaliaLeandro Rinaudo
6%
CItaliaManuel Giandonato
6%
CItaliaSimone Muratore
6%
DItaliaAlessandro Di Pardo
5%
DItaliaGuglielmo Stendardo
5%
AItaliaLuca Zanimacchia
5%
CItaliaMattia Vitale
5%
AUruguayRubén Olivera
5%
CItaliaLuca Castiglia
4%
AItaliaMarco Olivieri
4%
AItaliaNiccolò Giannetti
4%
AItaliaStefano Beltrame
4%

Distribuzione punteggi

Percentile per numero di risposta

Percentuale di utenti per punteggio

I tuoi punteggi nel tempo

Non hai fatto questo quiz